000 01281nam a22003497a 4500
003 CHAP
005 20260211131956.0
008 971013s1964 r 00010 d
010 _a41040
011 _a42012
035 _a46139
040 _cCHAP
090 _aFolleto 5851 (1964-65)
110 _aENA. Departamento de Zootecnia
_936706
245 _aConcurso al azar de postura en jaulas, 2
260 _aChapingo, Méx. :
_bENA,
_c1964-65
300 _a16 v.
500 _aLa biblioteca tiene : v.1, v.11-12, v.15
590 _aBATCH-UPD
_b10
_c20130110
_lUCH01
_h1320
590 _aBATCH-UPD
_b10
_c20130410
_lUCH01
_h0830
590 _aBATCH-UPD
_b10
_c20130914
_lUCH01
_h0454
590 _aCONVERSION
_b10
_c20130109
_lUCH01
_h1323
650 1 4 _aAvicultura.
700 1 _aCano Fernández, Sergio Antonio
_918393
710 0 _aFondo de Garantía y Fomento para la Agricultura, Ganadería y Avicultura. México.
_942107
901 _aBK
942 _cFOLL
949 _aFolleto 5851 (1964-65)
_bBC
_cUACH
_d-105202
_eUACH
_fv.1
_i46139
_si
949 _aFolleto 5851 (1964-65)
_bBC
_cUACH
_d-105203
_eUACH
_fv.11
_i46139
_si
949 _aFolleto 5851 (1964-65)
_bBC
_cUACH
_d-105205
_eUACH
_fv.12
_i46139
_si
949 _aFolleto 5851 (1964-65)
_bBC
_cUACH
_d-105206
_eUACH
_fv.15
_i46139
_si
999 _c41040
_d41040